Diccionario teológico manual del Antiguo Testamento / Ernst Jenni, Editor ; J. Antonio Mugica, Traductor. (Registro nro. 31688)
[ vista simple ]
| 000 -LÍDER | |
|---|---|
| Campo fijo de descripción fija | 005140000a22001570004500 |
| 020 ## - NÚMERO INTERNACIONAL NORMALIZADO PARA LIBROS | |
| Número Internacional Normalizado del libro | 84-7057-241-5 |
| 041 0# - CÓDIGO DE IDIOMA | |
| Código de idioma para texto/pista de sonido o título separado | |
| 082 04 - NÚMERO DE CLASIFICACIÓN DECIMAL DEWEY | |
| Número de clasificación | R 221.3 J541d |
| 001 - NÚMERO DE CONTROL | |
| Campo de control | 150 |
| 245 10 - TÍTULO | |
| Título del Material | Diccionario teológico manual del Antiguo Testamento / Ernst Jenni, Editor ; J. Antonio Mugica, Traductor. |
| 260 ## - PUBLICACIÓN, DISTRIBUCIÓN, ETC. (PIE DE IMPRENTA) | |
| Lugar de publicación, distribución, etc. | Madrid, España : Cristiandad |
| 300 ## - DESCRIPCIÓN FÍSICA | |
| Extensión | 1274 Pag. |
| 500 ## - NOTA GENERAL | |
| Nota General | Título original : Theologisches Handwörterbuch zum Alten Testament |
| 650 14 - ASIENTO SECUNDARIO DE MATERIA - TERMINO TEMÁTICO | |
| Término temático o nombre geográfico como elemento de entrada | BIBLIA. A.T. \ TEOLOGIA - DICCIONARIOS \ HEBREO |
| 942 ## - TIPO DE MATERIAL (KOHA) | |
| Tipo de Item KOHA | Libros General |
| Estado de Material | Estado de Perdido | Forma de Clasificación | Estado de Dañado | No para Préstamo | Colección | Tomo | Biblioteca de Origen | Biblioteca Permanente | Fecha de Adquisición | Total de Préstamos | Signatura Topográfica | Código de Barras | Última vez visto | Ejemplar/Existencia | Fecha de Remplazo | Tipo de Material | Última vez Préstado |
|---|---|---|---|---|---|---|---|---|---|---|---|---|---|---|---|---|---|
| Dewey Decimal Classification | Colección de Referencia | Biblioteca FUSBC | Biblioteca FUSBC | 31/08/2004 | R 221.3 J541d | 8251 | 12/12/2019 | Vol. 1, ej. 1 | 26/01/2016 | Libros de Referencia | |||||||
| Dewey Decimal Classification | Colección de Referencia | Biblioteca FUSBC | Biblioteca FUSBC | 31/08/2004 | R 221.3 J541d | 8254 | 12/03/2025 | Vol. 2, ej. 1 | 26/01/2016 | Libros de Referencia | |||||||
| Dewey Decimal Classification | Colección de Referencia | Biblioteca FUSBC | Biblioteca FUSBC | 31/08/2004 | 2 | R 221.3 J541d | 8253 | 04/05/2022 | Vol. 2, ej. 1 | 26/01/2016 | Libros de Referencia | 25/05/2017 | |||||
| Dewey Decimal Classification | Colección de Referencia | Biblioteca FUSBC | Biblioteca FUSBC | 31/08/2004 | R 221.3 J541d | 8252 | 13/11/2024 | Vol. 1, ej. 1 | 26/01/2016 | Libros de Referencia |
